Mares y costas

Uloženo v:
Podrobná bibliografie
Hlavní autor: Jennings, Terry (Autor)
Médium: Kniha
Jazyk:španělština
Vydáno: Madrid SM 1988
Edice:El Joven Investigador, 17
Témata:
Tagy: Přidat tag
Žádné tagy, Buďte první, kdo vytvoří štítek k tomuto záznamu!

MARC

LEADER 00000nam a2200000 a 4500
001 UCW5794
003 CL-VaPUC
008 910808e19880000SP |||||||||||||||||spa|d
082 0 4 |a 551.46  |b JEN  |2 21 
100 |a Jennings, Terry  |e author  |9 543686 
245 1 0 |a Mares y costas 
300 |a 32 p 
942 |c BK 
945 |d 19910808 00:00:00 
260 |a Madrid  |b SM  |c 1988 
650 0 |a Oceanografía  |9 260014 
583 |a last modification  |c 19910808 00:00:00  |k Rodrigo Vera 
490 0 |a El Joven Investigador, 17 
999 |c 219115  |d 219113 
952 |0 0  |1 0  |4 0  |6 551_460000000000000_JEN_1988  |7 0  |8 A  |9 209649  |a BIBEDU  |b BIBEDU  |d 2019-11-15  |i 2775417  |o 551.46 JEN 1988  |p 2775417  |r 2019-11-15  |w 2019-11-15  |y BK  |k EDU